| 000 | 00462nam a2200133Ia 4500 | ||
|---|---|---|---|
| 008 | 180705s9999 xx 000 0 und d | ||
| 020 | _a9789812533401 | ||
| 100 | _aMihelcic, James R. | ||
| 245 |
_cJames R. Mihelcic,Julie Beth Zimmerman. _aEnvironmental Engineering: _bfundamentals, sustainabilty, design / |
||
| 260 |
_aCanada: _bJohn Wiley&Sons: _c2010 |
||
| 300 | _aiii, 695 pages | ||
| 650 | _aEngineering--vironmental. | ||
| 650 | _aEnvironmental engineering. | ||
| 999 |
_c358144 _d358144 |
||